The most neglected chapter in the Bible : Romans 9 /
Wedi'i Gadw mewn:
| Prif Awdur: | |
|---|---|
| Fformat: | Llyfr |
| Iaith: | Saesneg |
| Cyhoeddwyd: |
Texas :
South belt assembly.
|
| Pynciau: | |
| Tagiau: |
Dim Tagiau, Byddwch y cyntaf i dagio'r cofnod hwn!
|
MARC
| LEADER | 00000cam a22000002a 4500 | ||
|---|---|---|---|
| 001 | 0000011981 | ||
| 003 | DAYSTAR | ||
| 005 | 20171002014734.0 | ||
| 008 | 030703s txu 001 0 eng d | ||
| 040 | |a Daystar | ||
| 040 | |d Gmuthoni | ||
| 050 | 1 | |a BS 2665.2 |b .B48 | |
| 100 | 1 | |a Best, W.E. | |
| 245 | 1 | 4 | |a The most neglected chapter in the Bible : |b Romans 9 / |c W.E. Best. |
| 260 | |a Texas : |b South belt assembly. | ||
| 300 | |a 226 p. | ||
| 630 | 0 | 0 | |a Bible. N.T. |p Romans ix. |
| 908 | |a 060412 | ||
| 942 | |c G | ||
| 952 | |0 0 |1 0 |4 0 |6 BS_2665_200000000000000_B48 |7 0 |9 6420 |a DUA |b DUA |c GC |d 2017-09-28 |l 0 |o BS 2665.2.B48 |p BK003961 |r 2017-09-28 00:00:00 |w 2017-09-28 |x 60435 |y G | ||
| 999 | |c 4196 |d 4196 | ||